La rosa de los vientos /
Guardado en:
| Autor Principal: | |
|---|---|
| Formato: | Libro |
| Publicado: |
Buenos Aires :
Sm,
2009
|
| Series: | El barco de vapor. Naranja / dirigida por Ana Lucía Salgado, 9
|
| Materias: | |
| Etiquetas: |
Agregar Etiqueta
Sin Etiquetas, Sea el primero en etiquetar este registro!
|
| LEADER | 01350nam a22003135a 4500 | ||
|---|---|---|---|
| 001 | CEM.cems013559 | ||
| 008 | 130507s2009##################000#0#####d | ||
| 005 | 20260616151116.0 | ||
| 245 | 1 | 0 | |a La rosa de los vientos / |c Paula Bombara; ilustrado Por Juan Pablo Caro. |
| 260 | |a Buenos Aires : |b Sm, |c 2009 | ||
| 300 | |a 133 p. | ||
| 490 | 0 | |a El barco de vapor. Naranja / dirigida por Ana Lucía Salgado, 9 | |
| 500 | |a A partir de 9 años | ||
| 020 | |a 9789875731226 | ||
| 100 | 1 | |a Bombara, Paula | |
| 082 | 0 | 4 | |a A863.4 |
| 653 | |a Literatura | ||
| 653 | |a Literatura bahiense | ||
| 653 | |a Literatura argentina | ||
| 653 | |a Literatura juvenil | ||
| 859 | |a CEMS |b BIB. CEMS - 11 de abril |h A863.4LS1 |i B639-1 |p 26180.11 |t Ej.1 | ||
| 859 | |a CEMS |b BIB. CEMS - Inicial y Primaria |h A863.4 |i B639 |k IP |p 1738 |t Ej.1 | ||
| 859 | |a CEMS |b BIB. CEMS - Ccias. Educacion |h A863.4 |i B639 |k CE |p 28336.19 |t Ej.1 | ||
| 859 | |a CEMS |b BIB. CEMS - Agricultura |h A863.4 |i B639-1 |p A2192.14 |t Ej.1 | ||
| 859 | |a CEMS |b BIB. CEMS - 11 de abril |h A863.4 |i B639-1 |p 29211.22 |t Ej.2 | ||
| 859 | |a CEMS |b BIB. CEMS - Inicial y Primaria |h A863.4 |i B639 |k IP |p 5537 |t Ej.2 | ||
| 859 | |a CEMS |b BIB. CEMS - Agricultura |h A863.4 |i B639-1 |p A2193.14 |t Ej.2 | ||
| 859 | |a CEMS |b BIB. CEMS - Inicial y Primaria |h A863.4 |i B639 |k IP |p 6611 |t Ej.3 | ||
| 859 | |a CEMS |b BIB. CEMS - Agricultura |h A863.4 |i B639-1 |p A3465.23 |t Ej.3 | ||
